[Event "XC URU-ch Final 2019"]
[Site "Montevideo"]
[Date "2019.03.16"]
[Round "1.1"]
[White "Michailov, Matias"]
[Black "Muniz, Rafael"]
[Result "0-1"]
[WhiteElo "2205"]
[BlackElo "2272"]
[Annotator "TA"]
[PlyCount "54"]
[EventDate "2019.03.16"]
[EventType "tourn"]
[EventCountry "URU"]
[SourceTitle "playchess.com"]
[Source "ChessBase"]
[SourceQuality "1"]

{[%evp 19,54,25,54,12,11,0,14,22,8,-27,-12,-27,-8,-58,0,-31,12,0,0,0,31,-277,-248,-299,-301,-292,-251,-308,-301,-313,-281,-493,-482,-1310,-1247,-29984,-888]} 1. e4 c5 2. Nf3 d6 3. d4 cxd4 4. Nxd4 Nf6 5. Nc3 a6 6. Bg5 e6 7. f4 Be7 8. Qf3 Qc7 9. O-O-O Nbd7 10. g4 Rb8 11. Bxf6 {B99: Sicilian Najdorf: 6 Bg5 e6 7 f4 Be7 8 Qf3 Qc7 9 0-0-0 Nbd7} (11. Bh4 {with more complications.} g6 12. g5 Nh5 13. Bh3 O-O 14. Bg4) (11. Bh4 g6 12. Bh3 O-O 13. g5 Nh5 14. Rhf1 b5 15. a3 Nc5 16. f5 b4 17. axb4 Rxb4 18. Bg4 Bb7 19. Bxh5 {0-1 (40) Simacek,P (2469)-Jakubowski,K (2502) Czechia 2011}) 11... Bxf6 12. g5 Bxd4 $1 13. Rxd4 {The position is equal.} b5 {[%cal Bb7b5,Bb5b4][%mdl 32]} 14. Bg2 b4 15. Ne2 e5 16. Rd2 exf4 (16... Qa5 $1 $15) 17. Nxf4 $146 ({Predecessor:} 17. Qxf4 Ne5 18. Rhd1 O-O 19. Rxd6 {1-0 (39) Flynn,D (2061)-Messam Sparks,L (1917) Hastings 2010}) 17... Ne5 18. Qg3 O-O 19. h4 Nc4 {[#] White must now prevent ...b3.} 20. Nd5 $2 {[%mdl 8192]} (20. Rd4 $14 {keeps the upper hand.}) 20... Qa5 $19 21. Rd4 Qxa2 {[%cal Ra2a1]} 22. Rxc4 Qxc4 $40 {[%mdl 128] White is in trouble.} 23. b3 Qc5 24. h5 Be6 25. Nf6+ $2 (25. Rd1 {was necessary.}) 25... Kh8 26. g6 (26. Nd5 $142 Bxd5 27. exd5) 26... Rfc8 {[%csl Gc8][%cal Rc5c2]} 27. c4 gxf6 {Accuracy: White = 18%, Black = 50%.} (27... bxc3 $142 28. h6 Qa3+ 29. Kd1 c2+ 30. Ke2 c1=Q 31. hxg7+ Kxg7 32. gxh7+ Kxf6 33. h8=B+ Rxh8 34. Rxc1 Qxc1 35. Qf2+ Ke7 36. Qa7+ Bd7 37. Qe3 Qb2+ {[%mdl 64] Double Attack} 38. Qd2 {[#]} Rh2 $1 {[%mdl 512]} 39. Qxb2 Rxg2+ 40. Ke3 Rxb2 41. b4 Rh8 42. Kd4 Rh3 43. Kd5 Rxb4 44. e5 Rd3#) 0-1

[Event "XC URU-ch Final 2019"]
[Site "Montevideo"]
[Date "2019.03.16"]
[Round "1.2"]
[White "Granara Barreto, Sebastian"]
[Black "Sosa Macho, Juan Manuel"]
[Result "1/2-1/2"]
[WhiteElo "2115"]
[BlackElo "2072"]
[Annotator "TA"]
[PlyCount "55"]
[EventDate "2019.03.16"]
[EventType "tourn"]
[EventCountry "URU"]
[SourceTitle "playchess.com"]
[Source "ChessBase"]
[SourceQuality "1"]

{[%evp 9,55,0,25,-10,0,-72,-55,-60,-63,-62,-53,-116,-79,-160,-52,-52,-58,-36,-3,-25,11,0,-7,-11,14,-18,-13,-11,-13,-54,422,8,227,216,227,204,365,-230,400,0,120,122,118,-559,105,102,102,0]} 1. e4 e5 2. f4 Nc6 3. Nf3 f5 4. d4 (4. d3 d6 5. Nc3 Nf6 6. g3 g6 7. Bg2 Bg7 8. fxe5 dxe5 9. Bg5 h6 10. Be3 O-O 11. O-O fxe4 12. dxe4 Be6 13. a3 Kh7 {1-0 (42) Ivanchuk,V (2754)-Nakamura,H (2733) Cap d'Agde 2010}) 4... exd4 5. e5 Bb4+ 6. Bd2 {C30: King's Gambit Declined} (6. Nbd2 {is more complex.} Nh6 7. a3 Ng4 8. c3 Ne3 9. Qb3) 6... Bc5 $146 ({Predecessor:} 6... Qe7 7. Bc4 Nf6 8. O-O Ne4 9. Bxb4 Qxb4 10. Nbd2 Nxd2 11. Nxd2 b5 {1-0 (48) Berg,E (2432)-Krysztofiak,M (2130) Rowy 2000}) 7. Bd3 (7. c3 $11 {remains equal.}) 7... d6 $17 8. O-O {Black is slightly better.} Nge7 9. Re1 O-O 10. Kh1 (10. exd6 $15 cxd6 11. a3) 10... Kh8 11. Ng5 ({Better is} 11. exd6 Qxd6 12. Na3) 11... Qe8 ({Black should play} 11... dxe5 $1 $17 {Threatens to win with ...e4.} 12. fxe5 h6) 12. exd6 $15 Bxd6 13. Na3 Bxa3 14. bxa3 Qg6 15. Bc4 {aiming for Rxe7!} h6 16. Nf3 a5 17. Nxd4 Nxd4 18. Rxe7 {Strongly threatening Bc3.} Qd6 19. Re3 Qxf4 $2 {[%mdl 8192] [#]} (19... b5 $15 {keeps the upper hand.} 20. Bf1 Bb7) 20. Rg3 $2 (20. Re8 $1 $18 {[%cal Re8f8][%mdl 512]} Qd6 (20... Rxe8 21. Bxf4) 21. Bf4 $1 {[%mdl 512]} Qxa3 22. Rxf8+ (22. Qxd4 Rxe8 23. Bxh6 Qe7 $15) 22... Qxf8 23. Qxd4) 20... Qd6 $2 {[#]} (20... Qe5 $11 {and Black has nothing to worry.} 21. Bc3 c5) 21. Bxh6 $1 $18 {[%mdl 512]} gxh6 (21... Qxh6 22. Rh3) 22. Qh5 $1 Kh7 $2 {[#]} (22... Nxc2 $2 23. Rg6 $1 $18 {[%mdl 512]}) (22... b5 {might work better.}) 23. Bf7 $4 {[%mdl 8192]} (23. Bg8+ $1 $18 {[%mdl 512]} Kh8 (23... Rxg8 24. Qf7+) 24. Rg6 {[%mdl 64] Double Attack}) 23... Ne2 $4 {[%mdl 8192] [#]} ({Avoid the trap} 23... Kh8 $2 24. Rg6 $18) (23... Ra6 $1 $19 {and life is good for Black. White must now prevent ...Qf4.} 24. Rf1 Qf6) 24. Rg6 $2 ({White must play} 24. Bg8+ $1 $18 {[%mdl 512]} Kh8 (24... Rxg8 25. Qf7+) 25. Rg6) 24... Qf4 {[#]} (24... Qd2 $11 {keeps the balance.} 25. Rg7+ {[%mdl 64] Decoy} (25. Rf6 $2 Qg5 $19) 25... Kxg7 26. Qg6+ Kh8 27. Qf6+ Kh7 28. Qg6+ Kh8 29. Qf6+ Kh7 30. Qg6+ Kh8) 25. Rg7+ $1 $16 {[%mdl 576] Decoy} Kxg7 26. Qg6+ Kh8 27. Qf6+ {[%mdl 1024] White has strong compensation.} Kh7 {[#]} 28. Qg6+ {Accuracy: White = 36%, Black = 15%.} (28. Bg6+ $1 $16 Kg8 29. Qe7) 1/2-1/2

[Event "XC URU-ch Final 2019"]
[Site "Montevideo"]
[Date "2019.03.16"]
[Round "1.3"]
[White "Hoffman, Alejandro"]
[Black "Roselli Mailhe, Bernardo"]
[Result "0-1"]
[WhiteElo "2454"]
[BlackElo "2445"]
[Annotator "TA"]
[PlyCount "70"]
[EventDate "2019.03.16"]
[EventType "tourn"]
[EventCountry "URU"]
[SourceTitle "playchess.com"]
[Source "ChessBase"]
[SourceQuality "1"]

{[%evp 17,70,16,53,32,77,51,70,66,93,115,86,75,89,75,79,84,87,75,110,76,109,91,102,109,121,120,167,158,184,148,152,154,115,16,29,-9,-24,-36,-29,-257,-256,-306,-303,-342,-322,-285,-183,-445,-431,-376,-58,-64,-39,-29982,-29983]} 1. d4 Nf6 2. c4 g6 3. Nc3 Bg7 4. e4 d6 5. f3 O-O 6. Bg5 a6 7. Qd2 Nbd7 8. Nh3 c5 9. d5 b5 10. cxb5 {E81: King's Indian: Sämisch: 6th move deviations (including 6 Be3 c6)} Ne5 (10... Qa5 11. Nf2 Nb6 12. Be2 axb5 13. Nxb5 Bd7 14. Nc3 Rfb8 15. O-O Qb4 16. e5 dxe5 17. Nfe4 Qd4+ 18. Rf2 Nbxd5 {0-1 (54) Bartholomew,J (2459)-Becerra Rivero,J (2531) chess.com INT 2018}) 11. Nf2 axb5 12. Bxb5 {White is slightly better.} Ba6 13. Bxa6 Rxa6 14. Qe2 Qa8 15. O-O Ned7 16. Rac1 $146 ({Predecessor:} 16. Rfd1 Rb8 17. Rd2 h6 18. Be3 Ne8 19. Rf1 Rab6 20. Nfd1 Nc7 21. Rc2 Qa6 {½-½ (21) Gilbert,J (2148)-Radovanovic,J (2339) Coulsdon 2005}) 16... h6 17. Be3 Kh7 18. Rc2 Rb8 19. b3 Rab6 20. Nd3 Ne8 21. f4 Bxc3 22. Rxc3 Ndf6 23. Rc4 Ra6 24. Rf2 Ng7 25. Nc1 ({White should play} 25. f5 $16) 25... e6 $11 26. e5 (26. f5 $5 exf5 27. exf5 $11) 26... exd5 27. exf6 {aiming for Rc2.} Nf5 $1 28. Rc2 $2 (28. Rc3 $1 $11 {and White is okay.} d4 29. Bxd4 Nxd4 30. Qd2) 28... Re8 $19 29. Rf3 {[#] Strongly threatening Qd2.} d4 $1 30. Qc4 d5 31. Qxc5 dxe3 32. g4 $2 (32. Rf1) 32... d4 33. Rh3 Rxf6 $2 (33... e2 $1 $19 {[%cal Re2e1]} 34. Nxe2 Ne3 35. Rxe3 dxe3) 34. gxf5 $15 Qe4 {[%mdl 64] [#] Double Attack} 35. Qb5 $2 {[%mdl 8192]} (35. Qc4 $15) 35... Qxc2 {Accuracy: White = 32%, Black = 61%.} 0-1

[Event "XC URU-ch Final 2019"]
[Site "Montevideo"]
[Date "2019.03.16"]
[Round "1.4"]
[White "Coppola, Claudio"]
[Black "Curi, Gabriel"]
[Result "0-1"]
[WhiteElo "2225"]
[BlackElo "2192"]
[Annotator "TA"]
[PlyCount "72"]
[EventDate "2019.03.16"]
[EventType "tourn"]
[EventCountry "URU"]
[SourceTitle "playchess.com"]
[Source "ChessBase"]
[SourceQuality "1"]

{[%evp 9,72,-4,35,19,28,29,39,27,27,18,29,27,39,22,22,15,22,18,30,17,31,0,14,-30,77,77,75,25,25,-7,-12,-15,-14,-11,-9,0,0,-71,-74,-76,-62,-61,-54,-119,-69,-118,-115,-116,-67,-88,-91,-213,-222,-444,-436,-516,-511,-582,-581,-499,-482,-1235,-1085,-4894,-4810]} 1. d4 d5 2. c4 c6 3. cxd5 cxd5 4. Nc3 Nf6 5. f3 (5. Bf4 Nc6 6. Nf3 a6 7. Rc1 Nh5 8. Bd2 Nf6 9. Bf4 Nh5 10. Bd2 Nf6 11. Bf4 {½-½ (11) So,W (2778)-Aronian,L (2764) Paris 2018}) 5... e6 6. e4 {D10: Slav Defence: 3 cxd5 (without early Nf3) and 3 Nc3} Be7 7. e5 Nfd7 8. Be3 $146 {White is slightly better.} ({Predecessor:} 8. f4 f5 9. Nf3 g6 10. Bd3 Nc6 11. Be3 Qb6 12. Qd2 Nf8 {1-0 (75) Koellner,C (2111)-Kuerschner,M (1995) Wiesbaden 2018}) 8... Nc6 {[%cal Bb8c6,Bc6a5,Ba5b3][%mdl 32]} 9. f4 Nb6 10. Nf3 a5 11. Bf2 a4 12. a3 Bd7 13. Bd3 Na5 14. O-O g6 15. g4 Nbc4 16. Ra2 Qb6 (16... b5 $11) 17. Nxa4 $16 Qb3 18. Qxb3 Nxb3 19. Bxc4 dxc4 20. Nb6 {[%mdl 64] [#] Double Attack} Ra6 21. Nxd7 Kxd7 22. Rd1 Kc6 23. Nd2 (23. Ne1 $11 {keeps the balance.}) 23... Nxd2 $17 24. Rxd2 Kd5 25. Ra1 h5 26. h3 ({White should try} 26. gxh5 $15 Rxh5 27. Kg2) 26... b5 27. Rf1 hxg4 28. hxg4 Rh3 29. Kg2 {[#]} Rb3 $1 30. Rh1 (30. Rc1 $17) 30... b4 $19 31. axb4 $2 (31. Rh8) 31... Bxb4 {Black is clearly winning.} 32. Re2 Ra2 33. Rh8 c3 34. Rd8+ Kc6 35. Re3 (35. bxc3 $142 Rxe2 36. cxb4) 35... Rbxb2 36. Rf3 Kc7 {Accuracy: White = 34%, Black = 57%.} 0-1

[Event "XC URU-ch Final 2019"]
[Site "Montevideo"]
[Date "2019.03.16"]
[Round "1.5"]
[White "Lopez Azambuja, Nicolas"]
[Black "Rodriguez Vila, Andres"]
[Result "0-1"]
[WhiteElo "2335"]
[BlackElo "2495"]
[Annotator "TA"]
[PlyCount "114"]
[EventDate "2019.03.16"]
[EventType "tourn"]
[EventCountry "URU"]
[SourceTitle "playchess.com"]
[Source "ChessBase"]
[SourceQuality "1"]

{[%evp 20,114,70,50,71,62,76,64,73,52,66,75,97,90,91,47,58,31,31,34,32,25,33,21,27,14,31,0,0,-12,0,0,0,-53,-54,-44,-43,-64,-44,-67,-38,-26,-23,-106,-98,-104,-105,-104,-108,-117,-118,-155,-125,-144,-138,-140,-147,-173,-115,-136,-112,-126,-106,-125,-121,-127,-114,-127,-106,-187,-24,-108,-30,-106,-106,-125,-128,-131,-126,-178,-132,-132,-110,-195,-205,-189,-177,-238,-189,-428,-414,-369,-57,-723,-684,-694,-539]} 1. d4 d6 2. Nf3 g6 3. c4 Bg7 4. Nc3 Na6 5. e4 c5 6. d5 Nf6 7. Be2 O-O 8. O-O e6 9. h3 exd5 10. exd5 Nc7 11. Bf4 Nh5 {E74: King's Indian: Averbakh Variation: 6...c5} 12. Bg5 f6 13. Bd2 $146 {aiming for g4.} ({Predecessor:} 13. Be3 f5 14. Bg5 Nf6 15. Qd2 Bd7 16. a4 Re8 17. Bd3 Qe7 18. Bh6 Qf8 19. Bxg7 Kxg7 {½-½ (48) Hampel,J (2190)-Rapoport,V (2229) Dresden 2004}) 13... f5 {White is slightly better.} 14. Qc1 Bd7 15. Re1 Qf6 16. Bg5 Qf7 17. Bh6 Rae8 18. Qd2 Bxh6 19. Qxh6 Qg7 20. Qxg7+ Kxg7 21. a4 Kf6 22. Bf1 g5 23. Nd2 Nf4 24. g4 Rxe1 ({Not} 24... fxg4 25. Nde4+ Kg6 26. Nxd6 $16) 25. Rxe1 Re8 (25... Ne8 {keeps more tension.} 26. gxf5 Bxf5 27. Re3 h6 28. Nb5 a6) 26. Rxe8 ({White should try} 26. Re3 $11) 26... Nxe8 $15 27. f3 Ke5 28. Kf2 Nf6 29. Nb3 a6 30. a5 h5 {[%cal Rf5g4]} 31. gxh5 (31. Nd2 $1 $11) 31... N6xh5 32. Na1 Ng6 33. Nb3 Nhf4 34. Nc1 Kf6 35. Kg3 Ne5 36. Kf2 Be8 37. Nb1 Ba4 38. Nc3 Bd7 (38... Bc2 $19 {Hoping for ...Bd3.} 39. b3 Nfg6) 39. Kg3 Kg6 40. Kf2 Kh6 41. Nb1 Kg7 42. Nc3 Kf8 43. b3 Ke7 44. N3e2 {[#]} (44. h4 $17 {keeps fighting.}) 44... Nfg6 $2 (44... Nxe2 $1 $19 45. Kxe2 f4) 45. Nc3 (45. f4 $1 $11) 45... Nh4 (45... Kf7 $17) 46. Be2 (46. f4 $1 $11 gxf4 47. N3e2) 46... Kf6 $17 47. N1a2 Neg6 48. Bf1 Ke5 49. Ke3 (49. Nc1 $17) 49... Nf4 {White must now prevent ...Nxh3!} 50. Nc1 Be8 51. Nb1 (51. N3e2 $17) 51... Bh5 52. Nd2 Bg6 53. Na2 {[#]} (53. Kf2 {was called for.}) 53... Nh5 $1 $19 54. Nc1 $2 (54. Kf2) 54... f4+ 55. Kf2 Kd4 $2 ({Better is} 55... Ng3 $19 56. Ne2 Nxe2 57. Bxe2 Bf5) 56. Na2 $2 {[%mdl 8192]} (56. Ne2+ $15 Ke5 57. Nc3) 56... Ng3 57. Be2 Bf5 {Accuracy: White = 29%, Black = 44%.} 0-1

[Event "XC URU-ch Final 2019"]
[Site "Montevideo"]
[Date "2019.03.17"]
[Round "2.1"]
[White "Muniz, Rafael"]
[Black "Rodriguez Vila, Andres"]
[Result "1-0"]
[WhiteElo "2272"]
[BlackElo "2495"]
[Annotator "TA"]
[PlyCount "109"]
[EventDate "2019.03.16"]
[EventType "tourn"]
[EventCountry "URU"]
[SourceTitle "playchess.com"]
[Source "ChessBase"]
[SourceQuality "1"]

{[%evp 13,109,0,14,20,12,4,39,30,62,56,56,55,50,0,32,0,47,0,0,0,0,14,8,0,0,0,20,0,0,0,0,0,0,0,114,114,111,113,200,199,189,182,385,383,362,363,333,174,477,473,818,835,732,650,2079,2444,2152,2229,29977,29978,6524,1226,1301,1322,1294,1283,1196,1154,1664,1545,2237,2205,2064,2207,29972,29971,5689,2560,2325,2268,2258,2258,2132,2061,1775,1130,1688,1618,1730,1838,5685,2503,29975,29976,29976,29977,29975,29978]} 1. e4 e6 2. d4 d5 3. e5 c5 4. c3 Bd7 5. Nf3 Nc6 6. Be2 Nge7 7. Na3 Ng6 8. h4 {C02: French: Advance Variation} cxd4 9. cxd4 Bb4+ 10. Kf1 {White is slightly better.} h6 11. h5 Nge7 12. Nc2 Ba5 13. Nh4 $146 ({Predecessor:} 13. Bd2 Bb6 14. Bd3 a6 15. Rh4 Nf5 {0-1 (37) Milliet,S (2376)-Melkumyan,H (2670) London 2018}) 13... Rc8 14. Bd3 Qb6 15. Qg4 Nb4 16. Nxb4 $1 Qxb4 {[%csl Ga5][%cal Rb4e1]} 17. Kg1 $1 Bb6 18. Nf3 Kf8 19. Kh2 Nc6 {[%cal Rc6d4]} 20. Bd2 Qxb2 {[%cal Rc6d4]} 21. Rhb1 Qa3 22. Rb3 Qe7 $1 23. a4 {[%cal Ba2a4,Ba4a5][%mdl 32]} Kg8 (23... Qd8 $11) 24. a5 $36 {[%mdl 2048] White is really pushing.} Bc7 25. Rxb7 f5 (25... Qd8 $16 {was worth a try.}) 26. Qf4 $18 Be8 27. Rc1 {a6 is the strong threat.} Bxe5 $2 (27... Qf7) 28. Qxe5 {[%mdl 64] [#] Pin} Qxb7 29. Qxe6+ Bf7 30. Qxf5 (30. Qd6 $142) 30... Re8 $2 (30... Ne7 {is more resistant.} 31. Rxc8+ Qxc8 32. Qxc8+ Nxc8) 31. Bf4 Ne7 (31... Re6 $142 32. Qxd5 Re3) 32. Qg4 Nc6 33. a6 Qb3 34. Bg6 {Bxf7+ would kill now.} Be6 35. Qh4 Bd7 36. Bxe8 Bxe8 {[#]} 37. Qg4 (37. Rxc6 $142 $1 {[%mdl 512]} Qb4 (37... Bxc6 38. Qg4) 38. Rc7) 37... Qb5 38. Qe6+ Kh7 39. Qf5+ Kg8 40. Rc5 Qe2 41. Qxd5+ {[%mdl 64] Double Attack} Kh7 42. Rxc6 {White wants to mate with Qf5+.} Bxc6 43. Qxc6 Rf8 44. Qg6+ Kg8 45. Be5 {[%csl Ge5][%cal Rg6g7]} Rf7 46. Kg3 Qa2 47. Qc6 Qa3 48. Qe8+ Qf8 49. Qxf8+ Rxf8 50. d5 Kf7 51. Bd4 Rd8 52. Bxa7 Rd6 53. Ne5+ {White mates.} Ke8 54. Nc6 Rxd5 55. Bd4 {Accuracy: White = 62%, Black = 27%.} 1-0

[Event "XC URU-ch Final 2019"]
[Site "Montevideo"]
[Date "2019.03.17"]
[Round "2.2"]
[White "Curi, Gabriel"]
[Black "Lopez Azambuja, Nicolas"]
[Result "1/2-1/2"]
[WhiteElo "2192"]
[BlackElo "2335"]
[Annotator "TA"]
[PlyCount "49"]
[EventDate "2019.03.16"]
[EventType "tourn"]
[EventCountry "URU"]
[SourceTitle "playchess.com"]
[Source "ChessBase"]
[SourceQuality "1"]

{[%evp 10,49,0,0,41,34,14,0,39,39,52,62,52,64,70,51,47,15,11,9,32,7,27,22,33,33,27,18,34,34,56,29,56,56,58,42,57,0,59,0,54,0]} 1. d4 Nf6 2. c4 e6 3. Nc3 Bb4 4. Qb3 c5 5. dxc5 Nc6 6. Bg5 Qa5 {[#] And now ...Nd4 would win. E23: Nimzo-Indian: 4 Qb3 c5 5 dxc5 Nc6} (6... h6 7. Bxf6 Qxf6 8. Nf3 Bxc5 9. e3 b6 10. Bd3 Bb7 11. Ne4 Bb4+ 12. Ke2 Qe7 13. a3 Bc5 14. Nxc5 Qxc5 {½-½ (31) Zhou,J (2620)-Bu,X (2723) Wuxi 2016}) 7. Bxf6 $1 gxf6 8. e3 (8. Nf3 {feels hotter.} b6 9. cxb6 axb6 10. e4 Rg8 11. g3) 8... Qxc5 {The position is equal.} 9. a3 Bxc3+ 10. Qxc3 Qe5 11. Qd2 $146 ({Predecessor:} 11. Qxe5 Nxe5 12. O-O-O b6 13. Nf3 Nxf3 14. gxf3 {0-1 (40) Roodzant,C-Rinder,E Buenos Aires 1939}) 11... b6 12. Nf3 Qc7 13. Nd4 Nxd4 14. Qxd4 Qe5 15. O-O-O Rg8 16. Be2 Qxd4 17. Rxd4 Bb7 18. Rhd1 Rd8 19. g3 Ke7 20. b3 Rg6 21. Rh4 h6 22. Bh5 Rg7 23. Be2 Rg6 $1 24. Bh5 Rg7 25. Be2 {Accuracy: White = 33%, Black = 40%.} (25. e4 $14) 1/2-1/2

[Event "XC URU-ch Final 2019"]
[Site "Montevideo"]
[Date "2019.03.17"]
[Round "2.3"]
[White "Roselli Mailhe, Bernardo"]
[Black "Coppola, Claudio"]
[Result "1-0"]
[WhiteElo "2445"]
[BlackElo "2225"]
[Annotator "TA"]
[PlyCount "81"]
[EventDate "2019.03.16"]
[EventType "tourn"]
[EventCountry "URU"]
[SourceTitle "playchess.com"]
[Source "ChessBase"]
[SourceQuality "1"]

{[%evp 11,81,29,25,23,24,21,30,17,23,13,24,5,11,20,30,0,0,-14,52,45,43,2,41,52,26,22,28,16,12,18,63,22,31,30,57,76,66,25,27,0,200,172,208,212,208,94,191,180,183,180,194,184,184,184,239,235,216,220,226,227,250,250,530,393,798,764,29982,9944,5181,1867,4062,875]} 1. d4 d5 2. c4 c6 3. Nf3 Nf6 4. e3 Bf5 5. Nc3 e6 6. Nh4 Bg6 7. Qb3 {D12: Slav Defence: 3 Nf3 Nf6 4 e3 Bf5} (7. Nxg6 hxg6 8. Rb1 c5 9. cxd5 exd5 10. g3 Nc6 11. Bg2 Qd7 12. O-O Rd8 13. dxc5 Bxc5 14. b3 Qf5 15. Bb2 O-O {½-½ (65) Lenderman,A (2626)-Robson,R (2682) Saint Louis 2018}) 7... Qc7 8. Nxg6 hxg6 9. Bd2 {White has an edge.} Nbd7 10. g3 Be7 11. Be2 Nb6 12. cxd5 exd5 13. O-O-O a5 14. a4 $146 ({Predecessor:} 14. Kb1 a4 {1-0 (68) Hebden,M (2500)-Zhang,A (2109) Coventry 2015}) 14... Ne4 (14... Bb4 $11) 15. Nxe4 $14 dxe4 16. Kb1 O-O (16... Bb4 $5) 17. f3 exf3 18. Bxf3 Bb4 19. e4 Bxd2 20. Rxd2 Nd7 21. Rc1 Qb6 22. Rd3 Rfd8 23. Qxb6 Nxb6 24. Bd1 Nd7 25. Bb3 Kh7 $2 (25... Ne5 $11 26. Rdd1 Nf3) 26. Rf3 Nf6 27. e5 ({Weaker is} 27. Bxf7 Rf8 $14) 27... Ne4 {[#] White must now prevent ...Nd2+.} 28. Rd1 (28. Rxf7 $18 {and the rest is easy. And now Rd1 would win.} Nd2+ 29. Ka2) 28... f5 (28... Ng5 $16 {keeps fighting.} 29. Rf4 Rd7) 29. Rf4 $18 {[%cal Rf4h4]} Kh6 30. Bc2 Rd5 31. Bxe4 fxe4 32. Rxe4 {[%mdl 4096] Endgame KRR-KRR} c5 (32... Rf8 $142 33. Kc2 Re8) 33. e6 {[#] Hoping for e7.} Re8 34. Kc2 cxd4 35. Kd3 Rd6 36. e7 Rb6 $2 (36... g5 37. Rde1 Kg6) 37. Rde1 Rxb2 $2 (37... Kh7 38. Kxd4 (38. Rxd4 Kg8 $16) 38... Rxb2) 38. Rxd4 Rc8 39. Re5 (39. Rd8 $142 Rb3+ 40. Ke2 Rbc3 41. e8=Q Rxd8 42. Qxd8 g5 43. Rb1 Rc2+ 44. Kd3) 39... Rb3+ 40. Ke2 (40. Kd2 $142 Rb2+ 41. Kd3 Rb3+ 42. Ke4) 40... Rb2+ 41. Kf3 {Accuracy: White = 48%, Black = 30%.} (41. Ke3 $142 Rb3+ 42. Ke2 Rb2+ 43. Kd3 Rb3+ 44. Ke4) 1-0

[Event "XC URU-ch Final 2019"]
[Site "Montevideo"]
[Date "2019.03.17"]
[Round "2.4"]
[White "Sosa Macho, Juan Manuel"]
[Black "Hoffman, Alejandro"]
[Result "0-1"]
[WhiteElo "2072"]
[BlackElo "2454"]
[Annotator "TA"]
[PlyCount "66"]
[EventDate "2019.03.16"]
[EventType "tourn"]
[EventCountry "URU"]
[SourceTitle "playchess.com"]
[Source "ChessBase"]
[SourceQuality "1"]

{[%evp 15,66,0,0,-35,-31,-55,-58,-175,-180,-172,-173,-168,-129,-131,-111,-131,-28,-33,-30,-36,0,0,0,-30,-27,-35,-29,-139,-139,-407,-395,-360,-373,-498,-506,-481,-461,-2049,-766,-754,-745,-29985,-564,-5323,-5496,-29982,-29983,-29990,-29991,-29991,-29992,-29994,-29995]} 1. d4 Nf6 2. c4 e6 3. Nf3 c5 4. g3 cxd4 5. Nxd4 d5 6. Bg2 Bb4+ 7. Nc3 O-O 8. O-O dxc4 9. e4 {E20: Nimzo-Indian: 4 g3 and 4 f3} (9. Qa4 Na6 10. Rd1 Qe8 11. Qc2 Nc7 12. Ne4 Nxe4 13. Bxe4 e5 14. Bxh7+ Kh8 15. Nf3 b5 16. Qe4 Qe6 17. Ng5 Qg4 {½-½ (29) So,W (2780)-Aronian,L (2767) Saint Louis 2018}) 9... Nbd7 10. Be3 $146 ({Predecessor:} 10. a3 Be7 11. Be3 Ne5 12. h3 Nd3 {0-1 (38) Bjelopoljak,S (2139)-Dizdarevic,E (2498) Sarajevo 2010}) 10... Ne5 11. Kh1 ({Better is} 11. Nc2 $15 Bxc3 12. bxc3) 11... Nfg4 $19 12. Nc2 Nxe3 13. Nxe3 Bc5 14. Qe2 Qd3 15. Qh5 {Hoping for Rad1.} Bxe3 ({Black should try} 15... Qd4 $17 {White must now prevent ...Nd3.} 16. Na4 Be7) 16. Rad1 $1 $11 {[%cal Rd1d3]} Qc2 17. Qxe5 Bb6 18. Qb5 $1 e5 $1 (18... Bxf2 $2 19. e5 $18) 19. Nd5 Bd4 ({But not} 19... Bxf2 $2 20. Qb4 $18) 20. Qb4 $1 {Strongly threatening Rd2.} Bd7 $1 21. Qxb7 (21. Rd2 $11 Qa4 22. Qxa4 Bxa4 23. Rc1) 21... Bg4 $36 {[%mdl 2048] White is under strong pressure.} 22. Rb1 $2 {[%mdl 8192]} (22. Rc1 $17 {was called for.} Qd2 23. Rxc4) 22... Rab8 $19 23. Qc7 Be2 ({Weaker is} 23... Rxb2 24. Rxb2 Qxb2 25. f3 $17) ({Avoid the trap} 23... Bxb2 $2 24. Ne3 $18) 24. Rfc1 Rxb2 25. Ra1 Qd2 {And now ...Bf3! would win.} 26. h4 {[#]} (26. Ne7+ $142 Kh8 27. Qd6) 26... h5 (26... Bf3 $142 $1 {[%mdl 512]} 27. Kh2 (27. Bxf3 Qxf2) 27... Qxf2 28. Ne3 Bxe3 29. Rc2 Rxc2 30. Qxf7+ Rxf7 31. Rg1 Qxg1+ 32. Kh3 Qxg2#) 27. Ne7+ Kh7 {aiming for ...Bf3!} 28. Nf5 {[#]} Bg4 (28... Bf3 $142 $1 {[%mdl 512]} 29. Rg1 (29. Bxf3 Qxf2) 29... Qxf2 30. Ne3 Bxe3 31. Rad1 Bxg2+ 32. Kh2 Bxe4+ {[%mdl 64] Discovered Attack} 33. Kh3 Qh2#) 29. Rf1 Bxf2 30. Rab1 Rc2 {Black mates.} 31. Rxf2 Qxf2 {[%csl Gc2][%cal Rf2g2][%mdl 64] Double Attack} 32. Rg1 Bf3 33. Ne3 {[#]} Qxg3 $1 {[%mdl 512] Accuracy: White = 24%, Black = 61%.} 0-1